000 00848nam a2200289Ia 4500
001 B3256
003 IT-RoPAU
008 130308s9999 xx 000 0 und d
040 _aIT-RoPAU
040 _cIT-RoPAU
041 _aFRANCESE
100 _aBustaret Claire
100 _gCodice Aut. SPICS: 37538
245 _aSourire du tiers (Le), reflexions sur quelques vues d'esprit
245 _bImage Humoristique (L')
250 _a1a ed.
260 _aNICE
260 _bZ'Editions
260 _c1992 [1° Ed.:1992 - Ed.Ling.Originale:1992]
300 _a"16 p. (prefazione: no ; testo: 16 [pagine: 97-112])"
500 _aRiflessioni su Alcune Vedute di Spirito. sorriso del Terzo. Derisione e Caricatura.
650 _aSAGGI DI SEMIOLOGIA
650 _eCodice materia Spics: 3257
942 _cBK
957 _71
999 _c78509
_d78509
999 _g1